| 000 | 00667nam a2200229 a 4500 | ||
|---|---|---|---|
| 001 | 000019437 | ||
| 005 | 20200929170022.0 | ||
| 008 | 100629s2003 sp a 000 0 spa d | ||
| 020 | _a848403769X | ||
| 040 |
_aDO-SdBNP _bspa _cBNPHU |
||
| 082 |
_a923.162 _bC221a |
||
| 100 | 1 |
_aCaniff, Patricia _941726 |
|
| 245 | 1 | 0 |
_aAkenatón / _cPatricia Caniff. |
| 260 |
_aMadrid : _bEdimat Libros, _c2003. |
||
| 300 |
_a192 p. : _bil. ; _c22 cm. |
||
| 490 | 1 | _aGrandes biografías | |
| 504 | _aIncluye bibliografías [p. 187] | ||
| 600 | 1 | 4 |
_aAKENATÓN _cFARAON DE EGIPTO _941727 |
| 650 | 4 |
_aEgipto _xHistoria _941691 |
|
| 830 | 0 |
_aGrandes Biografías _911230 |
|
| 049 | _aBNPD | ||
| 999 |
_c18953 _d18953 |
||